000 00964nam a2200205 a 4500
008 140821c19999999||||||||||||||||| || u
020 _a8120315944
050 _aCD/QA 76.28 Sir
100 _aSirockman, Jason
245 1 0 _aMCSE + Internet complete version 1.1: quiz 1 and 2
_cJason Sirockman
_h[cd-rom]
246 _aMCSE complete audio quiz # 2
246 _aMicrosoft certified systems engineer complete
260 _aNew Delhi
_bFT Prentice-Hall
_c1999
300 _a4 3/4 in.
500 _aTo accompany the book MCSE + Internet complete version 1.2  
650 0 _aMICROSOFT SOFTWARE--EXAMINATIONS--STUDY GUIDES
650 0 _aELECTRONIC DATA PROCESSING PERSONNEL--CERTIFICATION
995 _ae-RESOURCES
_e20140179
_FCBU-MAIN LIBRARY (Kitwe)
_jCD/QA 76.28 Sir
_M1
_UAVAILABLE
_WAug 21, 2014
_y20140179
_Ze-Media Collection
995 _ae-RESOURCES
_e20141170
_FCBU-MAIN LIBRARY (Kitwe)
_jCD/QA 76.28 Sir
_M2
_UAVAILABLE
_WApr 20, 2016
_y20141170
_Ze-Media Collection
999 _c82791
_d82791